Państwa które mają trzy lub więcej słów w swojej nazwie (Dla GeoMexa) - Statystyki

Ogólne statystyki
  • Ten quiz został rozwiązany 748 razy
    711 od ostatniego zresetowania
  • Średni wynik to 6 z 12
Statystyki odpowiedzi
Kontynent Kraj % Poprawnych
Afryka Republika Południowej Afryki
76%
Afryka Demokratyczna Republika Konga
69%
Afryka Wyspy Świętego Tomasza i Książęca
58%
Afryka Republika Zielonego Przylądka
57%
Europa Bośnia i Hercegowina
56%
Australia i Oceania Papua Nowa Gwinea
56%
Azja Zjednoczone Emiraty Arabskie
55%
Ameryka Północna Trynidad i Tobago
52%
Ameryka Północna Antigua i Barbuda
51%
Afryka Wybrzeże Kości Słoniowej
43%
Ameryka Północna St.Vincent i Grenadyny
13%
Ameryka Północna St.Kitts i Nevis
12%
Nie znaleziono quizów pasujących do podanych kryteriów
Rozkład punktacji
Procent ludzi z każdym wynikiem
Percentyl według liczby udzielonych odpowiedzi
Twoja historia wyników
Nie rozwiązałeś tego quizu od ostatniego zresetowania